000
00309nam a2200133Ia 4500
008
150201s2005 xx 000 0 und d
082
_a
618.92
_b
P05S
100
_a
SATHY, N
245
_a
PRACTICAL PEDIATRICS
260
_b
ELSEVIER
_a
DELHI
_c
2005
300
_a
1-288
650
_a
PAEDIATRICS
942
_2
ddc
_c
BK
999
_c
1292
_d
1292